[Event "AUT-ch U14 Girls"]
[Site "Woerth"]
[Date "2014.06.07"]
[Round "2"]
[White "Gumpinger, Lisa"]
[Black "Lymysalo, Venla"]
[Result "0-1"]
[WhiteElo "800"]
[BlackElo "1580"]
[PlyCount "48"]
[EventDate "2014.06.07"]
[EventType "swiss"]
[EventRounds "7"]
[EventCountry "AUT"]
[SourceTitle "EXT 2016"]
[Source "ChessBase"]
[SourceDate "2015.10.08"]
[SourceVersion "1"]
[SourceVersionDate "2015.10.08"]
[SourceQuality "1"]

1. e4 c6 2. Bc4 d5 3. exd5 cxd5 4. Bb3 Nc6 5. c4 dxc4 6. Bxc4 Nf6 7. a4 e6 8. Nf3 Bc5 9. 0-0 0-0 10. Ng5 Bd7 11. Bd3 Nb4 12. Be4 h6 13. Bxb7 Rb8 14. Nxf7 Rxf7 15. Bf3 Bc6 16. d3 Bxf3 17. Qxf3 Qxd3 18. Qf4 Rbf8 19. Be3 Nfd5 20. Qxf7+ Rxf7 21. h3 Nxe3 22. fxe3 Qxf1+ 23. Kh2 Bd6+ 24. g3 Rf2# 0-1